=LDR 00000nam 2200000 4500 =001 INLIS000000000003540 =005 20130612091836 =008 ***********************************Ind** =035 ##$$0010-061300000003540 =041 ##$$a Ind =082 ##$$a 610 =090 ##$$a 610, for p =100 ##$$a Ford, Michael J =245 ##$$a Penuntun tindakan medis, Michael J. Ford, CE. Robertson, JF. Munro; alih bahasa, Petrus Andianto =260 ##$$a 1994 $b Jakarta =300 ##$$a x, 192 hlm., ilus., 21 cm =650 ##$$a Kedokteran =700 ##$$a Andianto, Petrus =850 ##$$a NBPNMAT